• 首页
  • 本馆介绍
  • 公告通知
  • 最新文献
  • 馆藏检索
  • 电子资源
  • 读者导购
  • 参考咨询
  • 我的图书馆
  • 登录
  • 详细信息显示
  • 放入我的书架
  • 预约/预借图书
  • 作者相关作品
  • 分类相关作品
  • 丛书相关作品
  • 出版社相关作品

书目信息

  • 表格格式
  • 工作单格式
  • 卡片格式
题名:
科技检索期刊使用指南
    
 
作者: ;北京图书馆科技文献检索室 编著
分册:  
出版信息: 北京   书目文献出版社  1989.3
页数: 297页
开本: 19cm
丛书名:
单 册:
中图分类: G354.2
科图分类:
主题词: 科技检索期刊--简介 , 检索方法--科技检索期刊
电子资源:
ISBN: 7-5013-0456-4
000 01032nam0 2200265 45
001 0189010995
005 20040429112321.9
010    @a7-5013-0456-4@dCNY3.05
020    @aCN@b89010995
100    @a19910105d1989 m y0chiy0120 ea
101 0  @achi
102    @aCN@b110000
105    @ay z 000yy
106    @ar
200 10 @a科技检索期刊使用指南@Ake ji jian suo qi kan shi yong zhi nan@f北京图书馆科技文献检索室编著@Fbei jing tu shu guan ke ji wen xian jian suo shi bian zhu
210    @a北京@c书目文献出版社@d1989.3
215    @a297页@d19cm
330    @a本书对科技文献检索的基本理论和方法作了阐述。并重点介绍了不同类型、不同种类的几十种科技检索期刊的编制特点、应用范围、使用方法及使用中常见问题的处理方法。
540 1  @a科技 检索 期刊@Ake ji jian suo qi kan
606    @a科技检索期刊@x简介
606    @a检索方法@x科技检索期刊
690    @aG354.2@v1980
711 02 @a北京图书馆科技文献检索室@Abei jing tu shu guan ke ji wen xian jian suo shi@4编著
801  0 @aCN@bNLC@c19910105
905    @f1@b219941@dG354.2@e66
    
    科技检索期刊使用指南/北京图书馆科技文献检索室编著.-北京:书目文献出版社,1989.3
    297页;19cm
    
    
    ISBN 7-5013-0456-4:CNY3.05
    本书对科技文献检索的基本理论和方法作了阐述。并重点介绍了不同类型、不同种类的几十种科技检索期刊的编制特点、应用范围、使用方法及使用中常见问题的处理方法。
●
相关链接 在E读中查询图书 在五车中查询图书 在当当中查询图书 在豆瓣中查询图书


正题名:科技检索期刊使用指南     索取号:G354.2/66         预约/预借

序号 登录号 条形码 馆藏地/架位号 状态 备注
1 0219941   001651297   密集书库/ [索取号:G354.2/66] 在馆    
2 0219942   000309482   第一样本阅览室/ [索取号:G354.2/66] 在馆    
唐山师范学院图书馆 欢迎您!
大连网信软件有限公司© 版权所有